000 00921nam a2200241Ia 4500
008 0000002011 pe ad 0000000000spa00
090 _aPSP00 K72f
100 1 _aKrebs, Víctor J.
_d1957
245 1 0 _aFernando Otero
_b: caminata nocturna
_c/ Texto Fernando Krebs
300 _a[30] p.
_c/ 22 cm.
500 _aExposición realizada en Galería Forum de Lima, Perú entre el 27 de septiembre y el 22 de octubre de 2011 \ Incluye datos biográficos y cronología artística
600 0 0 _a OTERO, FERNANDO, 1972/
_xTRABAJOS PICTORICOS
650 1 4 _a PINTURA ESPAÑOLA
650 1 4 _aARTE CONTEMPORANEO ESPAÑOL
650 1 4 _aARTISTAS PLASTICOS ESPAÑOLES
650 1 4 _xCATALOGOS
650 1 4 _xEXPOSICIONES
650 1 4 _aPINTORES ESPAÑOLES
650 1 4 _aPINTURA (TECNICA MIXTA)
650 1 4 _aPINTURA ABSTRACTA
650 1 4 _aPINTURA ACRILICA (ARTE)
999 _c15546
_d15546
260 _aLima : Galería Forum
_c2011